Top 20 Most Known Countries - Statistics

General Stats
  • This quiz has been taken 133 times
  • The average score is 18 of 20
Answer Stats
Hint Answer % Correct
95% China
100%
96% Russia
99%
96% Canada
98%
94% France
98%
94% Italy
98%
95% Mexico
98%
97% United States of America
98%
94% United Kingdom / Great Britain
97%
93% Germany
96%
93% Spain
96%
94% Brazil
95%
94% Australia
94%
92% Japan
94%
92% India
90%
87% Argentina
89%
88% Egypt
86%
87% Portugal
86%
88% South Africa
80%
88% Ireland
75%
88% Iceland
49%
No matching quizzes found
Score Distribution
Percent of People with Each Score
Percentile by Number Answered
Your Score History
You have not taken this quiz